000
00287nam a22001337a 4500
008
170531b xxu||||| |||| 00| 0 eng d
020
_a
074470990321
041
_a
eng
080
_a
93
100
_a
17
101
_a
SHH
245
_a
RADICAL HISTORY
_c
BONAKDARIAN, M
942
_2
udc
_c
BK
999
_c
15175
_d
15175